000 01074cam a22003493a 4500
001 12632434
003 OSt
005 20140310181651.0
008 991129s1999 nyu j 000 1 eng d
010 _a 2002557453
020 _a0590685376 (pbk.) :
_c$3.99
035 _a(OCoLC)ocm42893440
040 _aOCO
_cOCO
_dSLC
_dDLC
042 _alccopycat
050 0 0 _aPZ 7
_b.St859 2000
082 _aKF
_bStgs #24
100 1 _aStine, R. L.
_93762
245 1 0 _aEarth geeks must go! /
_cR.L. Stine.
260 _aNew York :
_bScholastic,
_cc1999.
300 _a114 p. ;
_c20 cm.
490 1 _aGoosebumps series 2000 ;
_v#24
500 _a"An Apple paperback."
541 _j1
562 _e1
655 7 _aAdventure fiction.
_2gsafd
_93061
655 7 _aChildren's stories.
_2lcsh
_93012
710 2 _aCopyright Paperback Collection (Library of Congress)
_5DLC
_9705
800 1 _aStine, R. L.
_tGoosebumps series 2000 ;
_v#24.
_94353
906 _a7
_bcbc
_ccopycat
_d2
_encip
_f20
_gy-genrareb
942 _2lcc
_cBK-KF
_kKF
999 _c994
_d994